[Event "III Festival A"]
[Site "Bernate Ticino ITA"]
[Date "2000.07.07"]
[Round "3"]
[White "Brioschi, Camillo"]
[Black "Forno, Roberto"]
[Result "1-0"]
[WhiteElo "1717"]
[BlackElo "1756"]
[PlyCount "131"]
[EventDate "2000.07.06"]

1.d4 d5 2.c4 e6 3.Nc3 Nf6 4.cxd5 exd5 5.Bg5 c6 6.e3 Bf5 7.Bd3 Bxd3 8.Qxd3 
Nbd7 9.Nge2 Bd6 10.O-O-O O-O 11.f3 b5 12.e4 b4 13.Bxf6 Nxf6 14.e5 bxc3 15.
Nxc3 Be7 16.exf6 Bxf6 17.g3 a5 18.Na4 Rb8 19.Rhe1 Rb4 20.b3 Rxd4 21.Qa6 c5
22.Rxd4 Bxd4 23.Qc6 Qa8 24.Qxa8 Rxa8 25.Nb6 Rd8 26.Nxd5 g5 27.Ne7+ Kg7 28.
Nf5+ Kf6 29.Nxd4 Rxd4 30.Kc2 h5 31.Kc3 a4 32.Re8 axb3 33.axb3 Rd1 34.Rc8 
Rh1 35.Rc6+ Ke7 36.Rxc5 Rxh2 37.Rxg5 f6 38.Rf5 Rh3 39.Kd3 Ke6 40.Ke4 Rxg3 
41.Rxh5 Rg1 42.Rb5 Re1+ 43.Kf4 Rd1 44.Rb6+ Kf7 45.Kf5 Rd5+ 46.Ke4 Re5+ 47.
Kf4 Kg6 48.Rc6 Rf5+ 49.Ke3 Rb5 50.Rc3 Kf5 51.Kd4 Kf4 52.Kc4 Rb8 53.b4 f5 
54.b5 Ke5 55.Rd3 Rc8+ 56.Kb4 Rb8 57.Kc5 Rc8+ 58.Kb6 Rb8+ 59.Kc6 Rc8+ 60.
Kb7 Rc1 61.b6 Kf4 62.Kb8 Ke5 63.b7 Rh1 64.Ra3 Rh8+ 65.Ka7 Rh7 66.Ka8 1-0

[Event "III Festival A"]
[Site "Bernate Ticino ITA"]
[Date "2000.07.07"]
[Round "3"]
[White "Cazzaniga, Walter"]
[Black "Cammarota, Vittorio"]
[Result "1-0"]
[WhiteElo "2170"]
[BlackElo "1690"]
[PlyCount "101"]
[EventDate "2000.07.06"]

1.d4 Nf6 2.c4 g6 3.Nc3 Bg7 4.e4 d6 5.Nf3 O-O 6.Be2 Na6 7.O-O e5 8.Be3 exd4
9.Nxd4 Nc5 10.f3 a5 11.Qd2 Bd7 12.Rfd1 Re8 13.Rac1 Qc8 14.b3 Bc6 15.Bf2 h5
16.Bf1 Kh7 17.Be3 Qd7 18.Qf2 Qe7 19.Re1 Nfd7 20.Nd5 Bxd5 21.cxd5 Ne5 22.
Qd2 Bf6 23.Rc2 g5 24.a3 g4 25.b4 axb4 26.axb4 Na6 27.Nf5 Qd8 28.f4 Ng6 29.
Bd3 Kg8 30.g3 Qd7 31.Bd4 Bxd4+ 32.Nxd4 h4 33.Qc3 Qa4 34.Nf5 Ne5 35.fxe5 
Rxe5 36.Ra1 Qe8 37.Qd2 Rxf5 38.exf5 Qe5 39.Re1 Qd4+ 40.Qe3 Qxe3+ 41.Rxe3 
Nxb4 42.Rxc7 Ra1+ 43.Bf1 Nxd5 44.Re8+ Kg7 45.Rxb7 Kf6 46.gxh4 Nf4 47.Re3 
d5 48.Kf2 Ra2+ 49.Kg3 Nh5+ 50.Kxg4 Ng7 51.Rb6+ 1-0

[Event "III Festival A"]
[Site "Bernate Ticino ITA"]
[Date "2000.07.07"]
[Round "3"]
[White "Cillo, Angelo"]
[Black "Qendro, Llambi"]
[Result "0-1"]
[WhiteElo "1734"]
[BlackElo "2357"]
[PlyCount "86"]
[EventDate "2000.07.06"]

1.d4 g6 2.c4 Bg7 3.Nc3 d6 4.Nf3 Bg4 5.Bf4 Nc6 6.e3 e5 7.dxe5 dxe5 8.Qxd8+ 
Rxd8 9.Bg5 f6 10.Bh4 Nge7 11.Be2 Nf5 12.Bg3 h5 13.h3 Nxg3 14.fxg3 Be6 15.
Kf2 Ke7 16.Rad1 Rxd1 17.Rxd1 Rd8 18.Nd5+ Bxd5 19.cxd5 Nb4 20.Nh4 Kf7 21.a3
Na6 22.g4 hxg4 23.hxg4 Nc5 24.b4 Ne4+ 25.Kf3 Nc3 26.Rc1 e4+ 27.Kf2 Nxd5 
28.Bc4 c6 29.b5 Bh6 30.Bxd5+ Rxd5 31.bxc6 bxc6 32.Rxc6 Rd2+ 33.Ke1 Bxe3 
34.Rc7+ Ke6 35.Nxg6 Rxg2 36.Ne7 Bg5 37.Ng6 Kd6 38.Rb7 Rxg4 39.Ne7 Ke6 40.
Nc6 f5 41.Nxa7 f4 42.Rb6+ Kd5 43.Nb5 Kc4 0-1

[Event "III Festival A"]
[Site "Bernate Ticino ITA"]
[Date "2000.07.07"]
[Round "3"]
[White "Di Giovanni, Isidoro"]
[Black "Chiodini, Walter"]
[Result "1/2-1/2"]
[WhiteElo "1498"]
[BlackElo "1551"]
[PlyCount "95"]
[EventDate "2000.07.06"]

1.e4 c5 2.c3 d5 3.exd5 Qxd5 4.d4 Nf6 5.Nf3 Bg4 6.Be2 Nc6 7.Be3 cxd4 8.cxd4
e6 9.O-O a6 10.Nc3 Qd6 11.Rc1 b5 12.a3 Be7 13.Qd2 O-O 14.Bf4 Qd8 15.Ne5 
Nxe5 16.dxe5 Qxd2 17.Bxd2 Ne4 18.Be3 Nxc3 19.Bxg4 Nd5 20.Bf3 Nxe3 21.fxe3 
Rac8 22.Rfd1 Rfd8 23.Rxd8+ Rxd8 24.Bb7 Bg5 25.Kf2 a5 26.Rc5 b4 27.axb4 
axb4 28.Rc4 Be7 29.Rd4 f6 30.Rxd8+ Bxd8 31.exf6 Bxf6 32.b3 Kf7 33.Ke2 Bc3 
34.Kd3 Kf6 35.Bf3 Kg5 36.Kc4 h5 37.Kc5 h4 38.h3 Kf6 39.Kd6 e5 40.Kd5 g5 
41.Bg4 Bd2 42.Ke4 Bc3 43.Kd5 Ke7 44.Ke4 Kf6 45.Kd5 Be1 46.Kd6 Bd2 47.e4 
Bc3 48.Kd5 1/2-1/2

[Event "III Festival A"]
[Site "Bernate Ticino ITA"]
[Date "2000.07.07"]
[Round "3"]
[White "Lovati, Paolo"]
[Black "Bemporad, Filippo"]
[Result "0-1"]
[WhiteElo "2084"]
[BlackElo "2140"]
[PlyCount "54"]
[EventDate "2000.07.06"]

1.Nf3 Nf6 2.b3 g6 3.Bb2 Bg7 4.c4 c5 5.g3 b6 6.Bg2 Bb7 7.O-O O-O 8.Ne1 Bxg2
9.Nxg2 Nc6 10.Nc3 d5 11.Nxd5 Nxd5 12.Bxg7 Kxg7 13.cxd5 Qxd5 14.Ne3 Qd7 15.
Rc1 e5 16.Rc4 f5 17.d3 Rad8 18.Nc2 f4 19.gxf4 exf4 20.Qa1+ Kg8 21.Re4 f3 
22.exf3 Qxd3 23.Ne3 Nd4 24.Re7 Qe2 25.h3 Qxf3 26.Kh2 Qf4+ 27.Kh1 Qh4 0-1

[Event "III Festival A"]
[Site "Bernate Ticino ITA"]
[Date "2000.07.07"]
[Round "3"]
[White "Morganti, Lionello"]
[Black "Genovese, Maurizio"]
[Result "0-1"]
[WhiteElo "1726"]
[BlackElo "2285"]
[PlyCount "138"]
[EventDate "2000.07.06"]

1.e4 e5 2.Nf3 Nc6 3.Bb5 Bb4 4.c3 Ba5 5.O-O Nge7 6.Na3 O-O 7.Nc4 d5 8.Nxa5 
Nxa5 9.d3 Ng6 10.Bg5 Qd6 11.h3 a6 12.Ba4 b5 13.Bc2 Bb7 14.Qc1 c5 15.Nh4 
Nxh4 16.Bxh4 dxe4 17.dxe4 f6 18.f3 Bc6 19.Qe3 Nb7 20.Rad1 Qe7 21.Rd2 Rfd8 
22.Rfd1 Rxd2 23.Rxd2 Rd8 24.g4 Rxd2 25.Qxd2 Qd7 26.Qxd7 Bxd7 27.Bf2 Be6 
28.b3 g5 29.Kf1 Kf7 30.Ke2 Ke7 31.Bd3 Kd6 32.Kd2 Kc6 33.Be2 a5 34.Kc2 Nd6 
35.Kb2 Bf7 36.Kc2 a4 37.Kb2 axb3 38.axb3 Nb7 39.Bd1 Nd8 40.h4 h6 41.h5 Ne6
42.Be3 Be8 43.Bd2 Kd6 44.Be2 Bc6 45.Kc2 Kc7 46.Kb2 Kb6 47.Ka2 Be8 48.Ka3 
Bf7 49.Kb2 Kc6 50.Kc2 Nd8 51.Kb2 Nb7 52.Bd1 Na5 53.Bc2 Kd6 54.Be3 Nc6 55.
Bd1 b4 56.cxb4 Nxb4 57.Be2 Nc6 58.Bd1 Nd4 59.Kc3 Be6 60.Kb2 Bc8 61.Kc3 Ba6
62.Kd2 Bf1 63.Ke1 Bb5 64.Kd2 Be8 65.Kc3 Bf7 66.Kb2 Kc6 67.Bd2 Kb5 68.Ka3 
Be6 69.Bc3 Kc6 0-1

[Event "III Festival A"]
[Site "Bernate Ticino ITA"]
[Date "2000.07.07"]
[Round "3"]
[White "Rossi, Giampiero"]
[Black "Lapiccirella, Mattia"]
[Result "1/2-1/2"]
[WhiteElo "2101"]
[BlackElo "2144"]
[PlyCount "84"]
[EventDate "2000.07.06"]

1.d4 Nf6 2.c4 c5 3.dxc5 Qa5+ 4.Nc3 Qxc5 5.e4 d6 6.Be3 Qa5 7.f3 e6 8.Qd2 a6
9.Nge2 Nc6 10.Nd4 Qc7 11.Be2 Be7 12.O-O O-O 13.Rac1 Nxd4 14.Bxd4 b6 15.
Rfd1 Rd8 16.Bf1 Rb8 17.Qf2 Nd7 18.h3 Bb7 19.b3 Ba8 20.Rc2 Rbc8 21.Rdc1 Qb8
22.Na4 Nc5 23.Nxc5 dxc5 24.Be3 Bd6 25.Qe2 Bf4 26.Rd2 Bxe3+ 27.Qxe3 Rxd2 
28.Qxd2 Rd8 29.Qe2 Qd6 30.Rc3 Qd4+ 31.Qe3 h5 32.Rd3 Qxe3+ 33.Rxe3 h4 34.
Rd3 Rxd3 35.Bxd3 g5 36.Kf2 Kg7 37.e5 f6 38.exf6+ Kxf6 39.Ke3 Ke5 40.a4 Bc6
41.Be2 Be8 42.Bd3 Bc6 1/2-1/2

[Event "III Festival A"]
[Site "Bernate Ticino ITA"]
[Date "2000.07.07"]
[Round "3"]
[White "Sartorio, Diego"]
[Black "Provera, Emanuele"]
[Result "0-1"]
[WhiteElo "1705"]
[BlackElo "1759"]
[PlyCount "68"]
[EventDate "2000.07.06"]

1.e4 g6 2.d4 c6 3.Nf3 Bg7 4.Nc3 d6 5.Be2 Qb6 6.h3 Nf6 7.O-O O-O 8.Bc4 Qc7 
9.a4 Nbd7 10.Be3 Nxe4 11.Bxf7+ Rxf7 12.Nxe4 Nf6 13.Nxf6+ Rxf6 14.Qd2 Bxh3 
15.Ng5 Bf5 16.d5 cxd5 17.Qxd5+ e6 18.Qd2 Qc6 19.Rad1 e5 20.c3 h6 21.Nf3 
Bg4 22.Qd5+ Kh7 23.Qxc6 bxc6 24.Rd2 Bxf3 25.gxf3 a6 26.Kg2 d5 27.Bc5 Rb8 
28.Re1 Rf5 29.Rde2 Rb7 30.Bd6 d4 31.cxd4 exd4 32.Re7 Rxe7 33.Rxe7 Rd5 34.
Be5 Rxe5 0-1

[Event "III Festival A"]
[Site "Bernate Ticino ITA"]
[Date "2000.07.08"]
[Round "4"]
[White "Bemporad, Filippo"]
[Black "Loncar, Robert"]
[Result "1/2-1/2"]
[WhiteElo "2140"]
[BlackElo "2415"]
[PlyCount "99"]
[EventDate "2000.07.06"]

1.d4 Nf6 2.Nf3 g6 3.c4 Bg7 4.Nc3 O-O 5.e4 d6 6.Be2 c5 7.O-O Nc6 8.d5 Na5 
9.Bf4 Nh5 10.Be3 e5 11.dxe6 Bxe6 12.Qd2 Nxc4 13.Bxc4 Bxc4 14.Rfd1 Qb6 15.
h3 Rfe8 16.Rac1 Be6 17.Ng5 Rad8 18.Nxe6 fxe6 19.Bg5 Bf6 20.g4 Bxg5 21.Qxg5
Ng7 22.Rd2 Rd7 23.Rcd1 Qd8 24.Qe3 b6 25.Qg3 e5 26.Nb5 Re6 27.f4 exf4 28.
Qxf4 Rf7 29.Qg3 Qf8 30.Nxd6 Rf3 31.Qg2 Qf4 32.Rf2 Rxf2 33.Qxf2 Qxf2+ 34.
Kxf2 Rf6+ 35.Ke3 Ne6 36.Nc8 Nd4 37.e5 Rf3+ 38.Ke4 Rf2 39.Kd5 Rxb2 40.Re1 
Rd2 41.Re4 Kf7 42.Rf4+ Kg7 43.Re4 Nf3+ 44.Kc6 Ng5 45.Re3 Ne6 46.Nxa7 Rxa2 
47.Nc8 b5 48.Kxb5 Rd2 49.Nd6 Rd5 50.Nb7 1/2-1/2

[Event "III Festival A"]
[Site "Bernate Ticino ITA"]
[Date "2000.07.08"]
[Round "4"]
[White "Cammarota, Vittorio"]
[Black "Morganti, Lionello"]
[Result "1-0"]
[WhiteElo "1690"]
[BlackElo "1726"]
[PlyCount "49"]
[EventDate "2000.07.06"]

1.d4 d6 2.Nf3 Nf6 3.Bf4 g6 4.e3 Bg7 5.Be2 c5 6.c3 cxd4 7.exd4 O-O 8.O-O 
Qb6 9.Qb3 Qxb3 10.axb3 Nd5 11.Bg3 Nd7 12.Re1 N7b6 13.Nbd2 Re8 14.Nc4 Bd7 
15.Bf1 Bg4 16.Nfd2 a6 17.Na5 Rab8 18.Ne4 Nf6 19.Bd3 Nbd5 20.b4 Bd7 21.h3 
Nh5 22.Bh2 h6 23.Be2 Nhf4 24.Bf3 Ne6 25.Nxd6 1-0

[Event "III Festival A"]
[Site "Bernate Ticino ITA"]
[Date "2000.07.08"]
[Round "4"]
[White "Di Giovanni, Isidoro"]
[Black "Bellini, Roberto"]
[Result "1/2-1/2"]
[WhiteElo "1498"]
[BlackElo "1575"]
[PlyCount "94"]
[EventDate "2000.07.06"]

1.e4 c5 2.c3 d6 3.d4 cxd4 4.cxd4 Nf6 5.Nc3 e6 6.Nf3 Be7 7.Bd3 a6 8.Bg5 
Nbd7 9.O-O b5 10.Re1 Nb6 11.Qc2 Bb7 12.Bxf6 Bxf6 13.e5 Bxf3 14.exf6 Qxf6 
15.gxf3 Rc8 16.Qe2 O-O 17.Qe4 g6 18.Kh1 d5 19.Qe3 Nc4 20.Bxc4 Rxc4 21.Rad1
Rfc8 22.f4 Qf5 23.Rc1 b4 24.Na4 Rxc1 25.Rxc1 Rxc1+ 26.Qxc1 Qe4+ 27.Kg1 
Qxd4 28.b3 Kg7 29.Qb2 Qxb2 30.Nxb2 Kf6 31.Kg2 g5 32.fxg5+ Kxg5 33.Nd3 a5 
34.f4+ Kg4 35.h3+ Kf5 36.Kf3 f6 37.Nc5 e5 38.fxe5 fxe5 39.Ke3 h5 40.Nd3 
d4+ 41.Ke2 e4 42.Nc5 Kf4 43.Ne6+ Kg3 44.Nxd4 Kxh3 45.Nf5 Kg4 46.Ne3+ Kg3 
47.Nf5+ Kf4 1/2-1/2

[Event "III Festival A"]
[Site "Bernate Ticino ITA"]
[Date "2000.07.08"]
[Round "4"]
[White "Genovese, Maurizio"]
[Black "Bianchi, Alberto"]
[Result "1-0"]
[WhiteElo "2285"]
[BlackElo "2043"]
[PlyCount "71"]
[EventDate "2000.07.06"]

1.d4 Nf6 2.c4 e6 3.Nc3 d5 4.cxd5 Nxd5 5.e4 Nxc3 6.bxc3 Be7 7.Nf3 b6 8.Bd3 
Bb7 9.O-O O-O 10.Qe2 Nd7 11.Rd1 c6 12.c4 Qc8 13.Bb2 Rd8 14.Rac1 Nf8 15.Bb1
Bd6 16.Qe3 Ng6 17.g3 Be7 18.h4 Re8 19.h5 Nf8 20.h6 f6 21.hxg7 Kxg7 22.Kg2 
Ng6 23.Rh1 Rh8 24.d5 h6 25.Qd3 e5 26.Nh4 Nxh4+ 27.Rxh4 Qf8 28.Rch1 Qf7 29.
f4 exf4 30.Rxf4 Qg6 31.Qf3 h5 32.e5 f5 33.Rxf5 Raf8 34.e6+ Bf6 35.Rxf6 
Rxf6 36.Bxf6+ 1-0

[Event "III Festival A"]
[Site "Bernate Ticino ITA"]
[Date "2000.07.08"]
[Round "4"]
[White "Giuberchio, Cesare"]
[Black "Sartorio, Diego"]
[Result "1-0"]
[WhiteElo "1906"]
[BlackElo "1705"]
[PlyCount "89"]
[EventDate "2000.07.06"]

1.e4 d6 2.d4 Nf6 3.Nc3 c6 4.f4 Qa5 5.Bd3 e5 6.dxe5 dxe5 7.f5 Bc5 8.Bd2 
Nbd7 9.Qe2 b5 10.Nxb5 Qb6 11.O-O-O cxb5 12.g4 h6 13.h4 a5 14.Qg2 Be3 15.
Ne2 Bb7 16.g5 Bxd2+ 17.Rxd2 hxg5 18.hxg5 Rxh1+ 19.Qxh1 Ng8 20.Qh8 Kf8 21.
g6 fxg6 22.Bc4 Nf6 23.Bxg8 Nxg8 24.Rd7 Qe3+ 25.Kd1 Qh6 26.Qxh6 Nxh6 27.
Rxb7 gxf5 28.Rxb5 fxe4 29.Rxe5 Ng4 30.Rg5 Nf6 31.a4 Rd8+ 32.Kc1 Rd5 33.
Rxd5 Nxd5 34.Nd4 Kf7 35.Kd2 g5 36.c4 Nb6 37.b3 Kf6 38.Ke3 Ke5 39.Nc6+ Kf5 
40.Nxa5 g4 41.Nc6 g3 42.Nd4+ Ke5 43.a5 Na8 44.b4 Nc7 45.b5 1-0

[Event "III Festival A"]
[Site "Bernate Ticino ITA"]
[Date "2000.07.08"]
[Round "4"]
[White "Lapiccirella, Mattia"]
[Black "Barberi, Alessandro"]
[Result "0-1"]
[WhiteElo "2144"]
[BlackElo "2113"]
[PlyCount "42"]
[EventDate "2000.07.06"]

1.d4 g6 2.c4 Bg7 3.Nf3 d6 4.Nc3 Nd7 5.e4 e5 6.Be2 Ne7 7.Bg5 f6 8.Be3 O-O 
9.h4 f5 10.dxe5 f4 11.exd6 fxe3 12.dxe7 exf2+ 13.Kf1 Qxe7 14.Nd5 Qd6 15.h5
Nc5 16.hxg6 hxg6 17.Qc2 Bg4 18.e5 Bxe5 19.Qxg6+ Qxg6 20.Ne7+ Kg7 21.Nxg6 
Bxf3 0-1

[Event "III Festival A"]
[Site "Bernate Ticino ITA"]
[Date "2000.07.08"]
[Round "4"]
[White "Morselli, Stefano"]
[Black "Cillo, Angelo"]
[Result "1-0"]
[WhiteElo "1696"]
[BlackElo "1734"]
[PlyCount "75"]
[EventDate "2000.07.06"]

1.Nf3 d5 2.c4 e6 3.e3 Nf6 4.b3 Nbd7 5.Bb2 c6 6.Be2 dxc4 7.bxc4 Bd6 8.O-O 
O-O 9.d4 Re8 10.h3 c5 11.Nbd2 cxd4 12.exd4 b6 13.Ne5 Bb7 14.Bf3 Qc7 15.Re1
Rac8 16.Bxb7 Qxb7 17.Ndf3 Red8 18.Nxf7 Kxf7 19.Ng5+ Kg8 20.Nxe6 Re8 21.Qd3
Nf8 22.d5 Qf7 23.Qf5 Qg6 24.Nd4 Rxe1+ 25.Rxe1 Qxf5 26.Nxf5 Bb4 27.Re7 Bxe7
28.Nxe7+ Kf7 29.Nxc8 N8d7 30.Nxa7 Nc5 31.Bd4 Nfd7 32.Nc6 g6 33.Kf1 Nd3 34.
a3 h6 35.g3 h5 36.f4 h4 37.Ne5+ N3xe5 38.fxe5 1-0

[Event "III Festival A"]
[Site "Bernate Ticino ITA"]
[Date "2000.07.08"]
[Round "4"]
[White "Pedemonte, Claudio"]
[Black "Cazzaniga, Walter"]
[Result "0-1"]
[WhiteElo "2013"]
[BlackElo "2170"]
[PlyCount "62"]
[EventDate "2000.07.06"]

1.c4 Nf6 2.Nc3 g6 3.d4 Bg7 4.e4 d6 5.f3 O-O 6.Bg5 c6 7.Qd2 e5 8.d5 h6 9.
Bxh6 Nxe4 10.fxe4 Qh4+ 11.g3 Qxh6 12.Qxh6 Bxh6 13.Bh3 cxd5 14.Nxd5 Nc6 15.
Bxc8 Raxc8 16.Ne2 Kg7 17.g4 Nd4 18.Nxd4 exd4 19.Ke2 Rxc4 20.Kd3 Rfc8 21.h4
Be3 22.Nxe3 dxe3 23.Kxe3 Re8 24.Rad1 Rexe4+ 25.Kf3 Rf4+ 26.Ke3 Rce4+ 27.
Kd3 Rxg4 28.Kc3 Rc4+ 29.Kb3 Rb4+ 30.Kc2 Rg2+ 31.Kd3 Rbxb2 0-1

[Event "III Festival A"]
[Site "Bernate Ticino ITA"]
[Date "2000.07.08"]
[Round "4"]
[White "Provera, Emanuele"]
[Black "Rossi, Giampiero"]
[Result "0-1"]
[WhiteElo "1759"]
[BlackElo "2101"]
[PlyCount "34"]
[EventDate "2000.07.06"]

1.e4 c5 2.Nf3 e6 3.d4 cxd4 4.Nxd4 a6 5.c4 Nf6 6.Nc3 Qc7 7.Bd3 Nc6 8.Be3 
Be7 9.O-O Ne5 10.Bf4 d6 11.Rc1 Nxd3 12.Qxd3 e5 13.Ndb5 axb5 14.Nxb5 Qc6 
15.Bg5 O-O 16.f4 exf4 17.Rxf4 Qc5+ 0-1

[Event "III Festival A"]
[Site "Bernate Ticino ITA"]
[Date "2000.07.08"]
[Round "4"]
[White "Qendro, Llambi"]
[Black "Brioschi, Camillo"]
[Result "1-0"]
[WhiteElo "2357"]
[BlackElo "1717"]
[PlyCount "53"]
[EventDate "2000.07.06"]

1.d4 d5 2.c4 e6 3.Nc3 Nf6 4.Bg5 Be7 5.e3 Nbd7 6.Nf3 h6 7.Bh4 O-O 8.Rc1 a6 
9.cxd5 exd5 10.Bd3 Re8 11.O-O c6 12.Bg3 Nf8 13.Ne5 Bd6 14.Bb1 Qe7 15.Re1 
Bxe5 16.dxe5 N6d7 17.e4 d4 18.Qxd4 Nxe5 19.Na4 Bg4 20.h3 Bd7 21.Nc5 Rad8 
22.Nxb7 f6 23.Nxd8 Rxd8 24.Red1 Ne6 25.Qd6 Qxd6 26.Rxd6 Kf7 27.f4 1-0

[Event "III Festival A"]
[Site "Bernate Ticino ITA"]
[Date "2000.07.08"]
[Round "4"]
[White "Tosetto, Flavio"]
[Black "Battistella, Gianmaria"]
[Result "1/2-1/2"]
[WhiteElo "1528"]
[BlackElo "1473"]
[PlyCount "92"]
[EventDate "2000.07.06"]

1.e4 e6 2.d4 d5 3.Nc3 c5 4.e5 cxd4 5.Qxd4 Nc6 6.Bb5 Bd7 7.Bxc6 Bxc6 8.Nf3 
b6 9.O-O h6 10.Be3 Ne7 11.Nh4 Bb7 12.Nb5 Nc6 13.Qa4 Be7 14.Qg4 Nxe5 15.
Qxg7 Bf6 16.Nd6+ Ke7 17.Nxb7 Bxg7 18.Nxd8 Raxd8 19.Bd4 Bf6 20.f4 Nc4 21.
Bxf6+ Kxf6 22.f5 e5 23.b3 Ne3 24.Rf2 Rc8 25.Rc1 e4 26.h3 Rc3 27.Rd2 Rhc8 
28.g4 Rxc2 29.Rcxc2 Rxc2 30.Rxc2 Nxc2 31.Kf2 d4 32.Ng2 d3 33.h4 a5 34.a4 
Kg7 35.g5 hxg5 36.hxg5 d2 37.Ke2 e3 38.Kd1 Nd4 39.Nxe3 Nxb3 40.Nc4 Nd4 41.
Nxb6 Nxf5 42.Nc4 Nd4 43.Nxa5 Ne6 44.Nc4 Nc5 45.a5 f6 46.gxf6+ Kxf6 1/2-1/2

[Event "III Festival A"]
[Site "Bernate Ticino ITA"]
[Date "2000.07.08"]
[Round "5"]
[White "Barberi, Alessandro"]
[Black "Giuberchio, Cesare"]
[Result "1-0"]
[WhiteElo "2113"]
[BlackElo "1906"]
[PlyCount "53"]
[EventDate "2000.07.06"]

1.d4 d5 2.c4 e6 3.Nc3 c6 4.Nf3 dxc4 5.a4 Bb4 6.g3 Nf6 7.Bg2 Ne4 8.Qc2 Qa5 
9.Bd2 Nxd2 10.Nxd2 Qd8 11.e3 b6 12.Nxc4 Ba6 13.b3 O-O 14.O-O Nd7 15.Na2 
Be7 16.Bxc6 Rc8 17.Be4 f5 18.Bd3 Bb7 19.Rfd1 Qe8 20.Qe2 Kh8 21.Nc3 g5 22.
Nb5 Rxc4 23.bxc4 f4 24.exf4 gxf4 25.Qxe6 Qh5 26.Qxe7 Qf3 27.Qxh7# 1-0

[Event "III Festival A"]
[Site "Bernate Ticino ITA"]
[Date "2000.07.08"]
[Round "5"]
[White "Battistella, Gianmaria"]
[Black "Pedemonte, Claudio"]
[Result "0-1"]
[WhiteElo "1473"]
[BlackElo "2013"]
[PlyCount "44"]
[EventDate "2000.07.06"]

1.e4 d5 2.exd5 Nf6 3.d4 Nxd5 4.Nf3 Bg4 5.Be2 e6 6.O-O Bd6 7.Re1 O-O 8.c4 
Nf6 9.a3 c5 10.Bg5 Nbd7 11.Nc3 h6 12.Bh4 a6 13.Ne4 Be7 14.Nxf6+ Nxf6 15.
dxc5 Bxc5 16.b4 Be7 17.Ne5 Bf5 18.Bxf6 Bxf6 19.Nd7 Bxa1 20.Nxf8 Bc3 21.
Qxd8 Rxd8 22.Rc1 Bd2 0-1

[Event "III Festival A"]
[Site "Bernate Ticino ITA"]
[Date "2000.07.08"]
[Round "5"]
[White "Bianchi, Alberto"]
[Black "Provera, Emanuele"]
[Result "0-1"]
[WhiteElo "2043"]
[BlackElo "1759"]
[PlyCount "124"]
[EventDate "2000.07.06"]

1.Nf3 Nf6 2.c4 e6 3.Nc3 d5 4.d4 c5 5.e3 Nc6 6.cxd5 exd5 7.dxc5 Bxc5 8.Bb5 
O-O 9.O-O a6 10.Bxc6 bxc6 11.Qa4 Qb6 12.a3 a5 13.Qc2 Ba6 14.Rd1 Qc7 15.Ne2
Bxe2 16.Qxe2 Rab8 17.Qc2 Qb6 18.Bd2 Ne4 19.Bc3 Nxc3 20.Qxc3 Be7 21.Rab1 
Rfc8 22.Qc2 Qb3 23.Qxb3 Rxb3 24.Nd4 Rb6 25.Kf1 a4 26.Ke2 g6 27.Rdc1 c5 28.
b4 axb3 29.Nxb3 c4 30.Nd2 Bxa3 31.Rd1 Rcb8 32.Rxb6 Rxb6 33.Nb1 Rb2+ 34.Kf3
Bb4 35.Rc1 f5 36.Kf4 Rxf2+ 37.Ke5 Rxg2 38.Kxd5 c3 39.Nxc3 Bxc3 40.Rxc3 Re2
41.h4 Kg7 42.Ke5 Kh6 43.Kf4 Rg2 44.h5 Kxh5 45.Rc1 Rg4+ 46.Kf3 Kg5 47.Rc8 
h5 48.Rc1 h4 49.Rc8 h3 50.Rc1 h2 51.Rh1 Rh4 52.Kg3 Rh8 53.Kf3 Kf6 54.Kg3 
Ke5 55.Kf3 g5 56.e4 g4+ 57.Kg2 f4 58.Kf2 Ra8 59.Ke2 Ra2+ 60.Kd3 Rg2 61.Ra1
Rg3+ 62.Ke2 Rg1 0-1

[Event "III Festival A"]
[Site "Bernate Ticino ITA"]
[Date "2000.07.08"]
[Round "5"]
[White "Brioschi, Camillo"]
[Black "Morselli, Stefano"]
[Result "1-0"]
[WhiteElo "1717"]
[BlackElo "1696"]
[PlyCount "69"]
[EventDate "2000.07.06"]

1.d4 Nf6 2.c4 g6 3.Nc3 Bg7 4.e4 d6 5.Be2 O-O 6.Nf3 Nbd7 7.Be3 Ng4 8.Bg5 c5
9.Qd2 cxd4 10.Nxd4 Nc5 11.Bxg4 Bxg4 12.f3 Bd7 13.Rd1 Ne6 14.Nxe6 Bxe6 15.
Nd5 Bxd5 16.exd5 Qb6 17.b3 a5 18.Be3 Qb4 19.O-O Rfc8 20.Bd4 b5 21.Bxg7 
Kxg7 22.Qd4+ f6 23.Rfe1 Kf7 24.cxb5 Qxb5 25.Rc1 Qb7 26.Qd2 a4 27.b4 a3 28.
Rxc8 Rxc8 29.Qe3 Rc2 30.Qxa3 Qb6+ 31.Qe3 Qxe3+ 32.Rxe3 Rxa2 33.Rb3 Rd2 34.
b5 Rxd5 35.b6 1-0

[Event "III Festival A"]
[Site "Bernate Ticino ITA"]
[Date "2000.07.08"]
[Round "5"]
[White "Cazzaniga, Walter"]
[Black "Lapiccirella, Mattia"]
[Result "1-0"]
[WhiteElo "2170"]
[BlackElo "2144"]
[PlyCount "99"]
[EventDate "2000.07.06"]

1.d4 Nf6 2.c4 c5 3.d5 g6 4.Nc3 Bg7 5.e4 d6 6.Bd3 O-O 7.Nf3 e6 8.h3 Re8 9.
O-O Na6 10.Re1 Nc7 11.a4 exd5 12.cxd5 Rb8 13.Bf4 a6 14.a5 b5 15.axb6 Rxb6 
16.Ra2 Rb4 17.Qd2 Nb5 18.Bxb5 axb5 19.e5 Nh5 20.Bg5 f6 21.exf6 Rxe1+ 22.
Qxe1 Bxf6 23.Ra1 Bxg5 24.Nxg5 Qxg5 25.Qe8+ Kg7 26.Ra7+ Kh6 27.Qf8+ Ng7 28.
Rxg7 Qc1+ 29.Kh2 Qf4+ 30.Qxf4+ Rxf4 31.Rc7 Ba6 32.f3 Rd4 33.Ne4 Rxd5 34.h4
g5 35.hxg5+ Kg6 36.Rc6 Bb7 37.Rb6 Bc8 38.Nxd6 Bd7 39.Nxb5+ Kxg5 40.Nc3 Re5
41.Kg3 Kf5 42.Ne4 Rxe4 43.fxe4+ Kxe4 44.Rd6 Bf5 45.Kh4 Ke5 46.Rd8 c4 47.g4
Bc2 48.Kg5 Bg6 49.Kh6 Bd3 50.g5 1-0

[Event "III Festival A"]
[Site "Bernate Ticino ITA"]
[Date "2000.07.08"]
[Round "5"]
[White "Cillo, Angelo"]
[Black "Di Giovanni, Isidoro"]
[Result "1-0"]
[WhiteElo "1734"]
[BlackElo "1498"]
[PlyCount "77"]
[EventDate "2000.07.06"]

1.d4 Nf6 2.e3 g6 3.Bd3 d5 4.Nd2 Bg7 5.Ngf3 O-O 6.Ne5 Nbd7 7.f4 Nxe5 8.fxe5
Bg4 9.Be2 Bxe2 10.Qxe2 Ne4 11.O-O f5 12.exf6 Rxf6 13.Nxe4 dxe4 14.Qc4+ Kh8
15.Bd2 Qd7 16.Bc3 Rxf1+ 17.Rxf1 Rf8 18.Rxf8+ Bxf8 19.d5+ Bg7 20.Bxg7+ Kxg7
21.Qxe4 Qd6 22.Qd4+ Qf6 23.Qxf6+ Kxf6 24.Kf2 e6 25.dxe6 Kxe6 26.Kf3 Ke5 
27.h4 a6 28.g4 c5 29.e4 b5 30.a3 a5 31.Ke3 a4 32.g5 b4 33.Kd3 bxa3 34.bxa3
Kf4 35.Kc4 Kxe4 36.Kxc5 Kf4 37.Kd4 Kg4 38.Ke4 Kxh4 39.Kf4 1-0

[Event "III Festival A"]
[Site "Bernate Ticino ITA"]
[Date "2000.07.08"]
[Round "5"]
[White "Loncar, Robert"]
[Black "Qendro, Llambi"]
[Result "1-0"]
[WhiteElo "2415"]
[BlackElo "2357"]
[PlyCount "89"]
[EventDate "2000.07.06"]

1.c4 g6 2.Nc3 Bg7 3.g3 e5 4.Bg2 Nc6 5.d3 Nge7 6.e3 O-O 7.Nge2 d6 8.O-O Bg4
9.h3 Be6 10.Nd5 Qd7 11.Kh2 Nd8 12.d4 c6 13.Nxe7+ Qxe7 14.b3 exd4 15.Nxd4 
c5 16.Nxe6 fxe6 17.Rb1 Nc6 18.Bb2 Rad8 19.Bxg7 Kxg7 20.Rb2 Rd7 21.Rd2 Rfd8
22.f4 Qf6 23.Qe2 d5 24.cxd5 exd5 25.Qb5 Qe7 26.Rfd1 Qxe3 27.Rxd5 Rxd5 28.
Rxd5 Rxd5 29.Bxd5 Nd4 30.Qxb7+ Kh6 31.Qa8 Qe7 32.Bg2 Ne2 33.Qf3 Kg7 34.Qd3
Nd4 35.b4 h5 36.h4 Qd6 37.b5 Nf5 38.Be4 Qxd3 39.Bxd3 Ne3 40.a4 c4 41.Be4 
c3 42.a5 Nc4 43.a6 Nb6 44.Kg2 Nc8 45.Bd3 1-0

[Event "III Festival A"]
[Site "Bernate Ticino ITA"]
[Date "2000.07.08"]
[Round "5"]
[White "Lovati, Paolo"]
[Black "Genovese, Maurizio"]
[Result "0-1"]
[WhiteElo "2084"]
[BlackElo "2285"]
[PlyCount "54"]
[EventDate "2000.07.06"]

1.c4 e6 2.Nf3 d5 3.e3 Nf6 4.b3 Be7 5.Bb2 O-O 6.Be2 c5 7.O-O Nc6 8.cxd5 
Nxd5 9.d4 Bf6 10.Qd2 cxd4 11.exd4 b6 12.Na3 Bb7 13.Nc4 Rc8 14.Nce5 Qd6 15.
Nxc6 Rxc6 16.Ne5 Rc7 17.Rac1 Rfc8 18.Rxc7 Rxc7 19.a3 Ne7 20.Nc4 Qd8 21.Rd1
Rd7 22.Bd3 g6 23.Bc2 Nc6 24.d5 Bxb2 25.Nxb2 Rxd5 26.Qf4 Nd4 27.Bd3 Nxb3 
0-1

[Event "III Festival A"]
[Site "Bernate Ticino ITA"]
[Date "2000.07.08"]
[Round "5"]
[White "Morganti, Lionello"]
[Black "Chiodini, Walter"]
[Result "1-0"]
[WhiteElo "1726"]
[BlackElo "1551"]
[PlyCount "153"]
[EventDate "2000.07.06"]

1.e4 c5 2.Nf3 d6 3.Bb5+ Bd7 4.Bxd7+ Nxd7 5.O-O Ngf6 6.Re1 g6 7.c3 Bg7 8.
Na3 O-O 9.d4 cxd4 10.cxd4 a6 11.Rb1 Rc8 12.b3 b5 13.Bb2 Qa5 14.Qd2 Qxd2 
15.Nxd2 Rc7 16.f3 Rfc8 17.Rbc1 Rxc1 18.Rxc1 Rxc1+ 19.Bxc1 Nh5 20.Nc2 Nf4 
21.Bb2 Bh6 22.Nb1 Bg7 23.g3 Nh3+ 24.Kg2 Ng5 25.Bc1 Ne6 26.Be3 Nb8 27.Kf2 
Kf8 28.Ke2 Ke8 29.Nd2 Nc7 30.b4 Kd7 31.Nb3 Na8 32.d5 Kc7 33.Kd3 Nb6 34.Bd4
Bxd4 35.Ncxd4 Nc4 36.f4 Kd7 37.Nd2 Nb6 38.N2b3 Nc4 39.Nd2 Nb6 40.N2f3 h6 
41.h4 e6 42.dxe6+ fxe6 43.f5 exf5 44.exf5 Ke7 45.fxg6 Kf6 46.h5 Nd5 47.a3 
Nb6 48.Nf5 Nc4 49.g7 Kf7 50.g8=Q+ Kxg8 51.Nxh6+ Kh7 52.Nf5 Nc6 53.N3d4 
N6e5+ 54.Ke4 Nd7 55.g4 Nf6+ 56.Kf4 d5 57.Nc2 a5 58.bxa5 Nxa5 59.Ncd4 Nc4 
60.Nxb5 Kh8 61.a4 Nd7 62.g5 Ndb6 63.Nc3 Na5 64.g6 Nb3 65.Ke5 Nd7+ 66.Kd6 
Nf6 67.g7+ Kg8 68.h6 d4 69.Nd1 d3 70.Ke7 Nd5+ 71.Ke6 Nf4+ 72.Kf6 Nh5+ 73.
Kg5 Nxg7 74.hxg7 Nc5 75.a5 Ne6+ 76.Kh6 Nd8 77.Kg6 1-0